[Event "8 Player Open 1"]
[Site "SchemingMind.com"]
[Date "2014.06.06"]
[Round "-"]
[White "JimM"]
[Black "Simon Green"]
[Result "1-0"]
[WhiteCountry "USA"]
[BlackCountry "ENG"]
[WhiteElo "1662"]
[WhiteRD "88"]
[BlackElo "1594"]
[BlackRD "54"]
[GameID "359473"]

1. e4 e6 2. d4 d5 3. Nc3 Nf6 4. e5 Nfd7 5. f4 c5 6. dxc5 Bxc5 7. Qg4 O-O 8. Bd3 f5 9. Qh3 a6 10. g4 Qb6
11. Qg3 Bb4 12. Bd2 fxg4 13. Qxg4 Nc6 14. Qxe6+ Rf7 15. Qxd5 Bxc3 16. Bxc3 Qe3+ 17. Ne2 Qh3 18. O-O-O Nb6 19. Qe4 Bf5 20. Qxf5 Rxf5
21. Bxf5 Qxf5 22. Rdg1 Ne7 23. e6 g6 24. Ng3 Qxe6 25. Re1 Qd6 26. a3 Qxf4+ 27. Bd2 Qd6 28. Bb4 Qf4+ 29. Bd2 Qf6 30. Rhf1 Qd6
31. Bb4 Qd5 32. Rxe7 Nc4 33. Ne4 Qd4 34. Nf6+ Kh8 35. Bc3 Qd8 36. Ng4+
1-0

[Event "8 Player Open 1"]
[Site "SchemingMind.com"]
[Date "2014.06.07"]
[Round "-"]
[White "Simon Green"]
[Black "JimM"]
[Result "0-1"]
[WhiteCountry "ENG"]
[BlackCountry "USA"]
[WhiteElo "1594"]
[WhiteRD "54"]
[BlackElo "1662"]
[BlackRD "88"]
[GameID "359474"]

1. d4 Nf6 2. e3 d5 3. Bd3 Bg4 4. Ne2 e6 5. f4 Be7 6. O-O Nc6 7. c3 Ne4 8. Nd2 Bf5 9. Qe1 Bh4 10. g3 Be7
11. Nxe4 dxe4 12. Bc2 Na5 13. b3 c5 14. a3 b6 15. b4 Nb7 16. Ba4+ Kf8 17. Bc6 Qc7 18. b5 Rd8 19. Bb2 Na5 20. Rd1 Nxc6
21. bxc6 Qxc6 22. Kg2 Bg4 23. Rd2 Qd5 24. h3 Bf3+ 25. Kf2 Qh5 26. Ng1 Bh4 27. Nxf3 Qxf3+ 28. Kg1 Qxg3+ 29. Qxg3 Bxg3 30. Rg2 Bh4
31. a4 Bf6 32. Ba3 Be7 33. Rff2 cxd4 34. Bxe7+ Kxe7 35. cxd4 g6 36. Rc2 Rc8 37. Kf1 Kd7 38. Ke1 Rxc2 39. Rxc2 Rc8 40. Rxc8 Kxc8
41. Kd2 Kb7 42. Kc3 Kc6 43. Kc4 a6 44. h4 h6 45. Kb4 b5 46. axb5+ axb5 47. Ka5 f6 48. Kb4 g5
0-1

[Event "8 Player Open 1"]
[Site "SchemingMind.com"]
[Date "2014.06.07"]
[Round "-"]
[White "Marc Wakeham"]
[Black "The Stonewall"]
[Result "0-1"]
[WhiteCountry "WLS"]
[BlackCountry "ENG"]
[WhiteElo "1551"]
[WhiteRD "68"]
[BlackElo "2474"]
[BlackRD "93"]
[GameID "359487"]

1. e4 c6 2. d4 d5 3. Nc3 dxe4 4. f3 exf3 5. Nxf3 Nf6 6. Bc4 Bf5 7. O-O e6 8. Bf4 Be7 9. Qd2 O-O 10. Rad1 Nd5
11. Nxd5 cxd5 12. Bd3 Bxd3 13. Qxd3 Nc6 14. Ne5 Rc8 15. c3 Nxe5 16. Bxe5 Qb6 17. b3 f6 18. Bg3 e5 19. Kh1 e4 20. Qe3 f5
21. Be5 Qa5 22. Rd2 Qxc3 23. Qe2 Bf6 24. Bxf6 Rxf6 25. h3 f4 26. Rf2 e3 27. Rc2 Qa1+ 28. Kh2 Rxc2 29. Qxc2 exf2 30. Qxf2 Qc1
0-1

[Event "8 Player Open 1"]
[Site "SchemingMind.com"]
[Date "2014.06.11"]
[Round "-"]
[White "The Stonewall"]
[Black "Marc Wakeham"]
[Result "1-0"]
[WhiteCountry "ENG"]
[BlackCountry "WLS"]
[WhiteElo "2474"]
[WhiteRD "93"]
[BlackElo "1551"]
[BlackRD "68"]
[GameID "359488"]

1. d4 Nf6 2. c4 g6 3. Nc3 d5 4. Bg5 dxc4 5. e4 Bg7 6. Nf3 O-O 7. Bxc4 Bg4 8. Be2 c6 9. O-O Qc7 10. Rc1 Nbd7
11. e5 Nd5 12. Nxd5 Qb8 13. Nxe7+ Kh8 14. Nh4 Bxe2 15. Qxe2 Re8 16. e6 Nf6 17. exf7 Rf8 18. Nexg6+ hxg6 19. Nxg6+ Kh7 20. Nxf8+ Qxf8
21. Qd3+ Kh8 22. Qh3+ Nh7 23. Qh5 Rc8 24. Rfe1 a6 25. Re4 b6 26. Rh4
1-0

[Event "8 Player Open 1"]
[Site "SchemingMind.com"]
[Date "2014.06.09"]
[Round "-"]
[White "alexyongpohweng"]
[Black "The Stonewall"]
[Result "0-1"]
[WhiteCountry "MAS"]
[BlackCountry "ENG"]
[WhiteElo "1251"]
[WhiteRD "46"]
[BlackElo "2474"]
[BlackRD "93"]
[GameID "359489"]

1. e4 d5 2. exd5 Qxd5 3. Nc3 Qa5 4. a3 c6 5. b4 Qc7 6. Bb2 Bf5 7. Nf3 Nf6 8. Be2 Nbd7 9. O-O e6 10. a4 Bxb4
11. d3 O-O 12. Ne4 Bxe4 13. dxe4 Rad8 14. c3 Bd6 15. c4 Nxe4 16. Bd3 Ndc5 17. Bxe4 Nxe4 18. Qd4 Bxh2+
0-1

[Event "8 Player Open 1"]
[Site "SchemingMind.com"]
[Date "2014.06.09"]
[Round "-"]
[White "The Stonewall"]
[Black "alexyongpohweng"]
[Result "1-0"]
[WhiteCountry "ENG"]
[BlackCountry "MAS"]
[WhiteElo "2468"]
[WhiteRD "95"]
[BlackElo "1240"]
[BlackRD "45"]
[GameID "359490"]

1. d4 d5 2. Nc3 Nf6 3. Bg5 h6 4. Bxf6 exf6 5. e3 g6 6. Bd3 Bg7 7. Qf3 O-O 8. Nxd5 c6 9. Nc3 h5 10. h3 Na6
11. Bxa6 bxa6 12. Nge2 Bb7 13. Nf4 Rb8 14. Qe2 f5 15. Qc4 Qe8 16. Nxg6 Qe6 17. Qxe6 fxe6 18. Nxf8 Kxf8 19. O-O Bc8 20. Na4 Rb4
21. b3 Bd7 22. Nc5 Bc8 23. c3 Rb8 24. f3 Bb7 25. Nd7+
1-0

[Event "8 Player Open 1"]
[Site "SchemingMind.com"]
[Date "2014.06.08"]
[Round "-"]
[White "The Stonewall"]
[Black "Phillip Beckett"]
[Result "1-0"]
[WhiteCountry "ENG"]
[BlackCountry "ENG"]
[WhiteElo "2474"]
[WhiteRD "93"]
[BlackElo "1560"]
[BlackRD "47"]
[GameID "359491"]

1. d4 d5 2. c4 e6 3. Nf3 Nf6 4. Bg5 Be7 5. Nc3 h6 6. Bh4 O-O 7. e3 Ne4 8. Bxe7 Qxe7 9. Rc1 Nxc3 10. Rxc3 c6
11. Bd3 dxc4 12. Bxc4 Nd7 13. O-O e5 14. Bb3 exd4 15. exd4 Nf6 16. Re1 Qd6 17. Ne5 Nd5 18. Rg3 Kh7 19. Bc2+ g6 20. h4 Be6
21. h5 Nf4 22. hxg6+ fxg6 23. Nxg6 Nxg6 24. Rxg6
1-0

[Event "8 Player Open 1"]
[Site "SchemingMind.com"]
[Date "2014.06.07"]
[Round "-"]
[White "Phillip Beckett"]
[Black "The Stonewall"]
[Result "0-1"]
[WhiteCountry "ENG"]
[BlackCountry "ENG"]
[WhiteElo "1560"]
[WhiteRD "47"]
[BlackElo "2474"]
[BlackRD "93"]
[GameID "359492"]

1. e4 c5 2. Nf3 a6 3. d4 cxd4 4. Nxd4 Nf6 5. Nc3 e5 6. Nb3 Bb4 7. Bd3 d5 8. exd5 Nxd5 9. Bd2 Bxc3 10. Bxc3 Nxc3
11. bxc3 Qc7 12. Qd2 Nc6 13. O-O O-O 14. Kh1 Be6 15. Qe2 Rad8 16. Be4 Ne7 17. Rfd1 f5 18. Bd3 e4 19. Bxe4 fxe4 20. Rxd8 Rxd8
21. Qxe4 Bf5 22. Qe3 Bxc2 23. Qe6+ Kf8 24. Re1 Rd1 25. Rxd1 Bxd1 26. Nd4 Bh5 27. Nf5 Bf7 28. Qe4 Nxf5 29. Qb4+ Qe7
0-1

[Event "8 Player Open 1"]
[Site "SchemingMind.com"]
[Date "2014.06.08"]
[Round "-"]
[White "The Stonewall"]
[Black "kenneth m day"]
[Result "1-0"]
[WhiteCountry "ENG"]
[BlackCountry "USA"]
[WhiteElo "2472"]
[WhiteRD "99"]
[BlackElo "1754"]
[BlackRD "50"]
[GameID "359493"]

1. d4 d5 2. Bg5 h6 3. Bh4 Nf6 4. e3 Bf5 5. Bxf6 exf6 6. Bd3 Qd7 7. Nc3 Bb4 8. Ne2 Bg4 9. Qd2 Nc6 10. O-O O-O-O
11. a3 Be7 12. b4 f5 13. b5 Na5 14. Nf4 Nc4 15. Qc1 g5 16. Nfxd5 Nd6 17. f3 Bh5 18. e4 fxe4 19. fxe4 Qg4 20. Nxe7+ Kb8
21. Qb2 Rhe8 22. Nc6+ bxc6 23. bxc6+ Kc8 24. Ba6+
1-0

[Event "8 Player Open 1"]
[Site "SchemingMind.com"]
[Date "2014.06.07"]
[Round "-"]
[White "kenneth m day"]
[Black "The Stonewall"]
[Result "0-1"]
[WhiteCountry "USA"]
[BlackCountry "ENG"]
[WhiteElo "1754"]
[WhiteRD "50"]
[BlackElo "2472"]
[BlackRD "99"]
[GameID "359494"]

1. e4 c6 2. c4 d5 3. cxd5 cxd5 4. exd5 Nf6 5. Nc3 Nxd5 6. d4 Nc6 7. Bc4 Be6 8. Nxd5 Bxd5 9. Bxd5 Qxd5 10. Nf3 g6
11. O-O Bg7 12. Be3 O-O 13. b3 Rfd8 14. Rc1 e6 15. Re1 b6 16. Re2 e5 17. Qd2 e4 18. Ng5 h6 19. Nh3 Nxd4 20. Bxd4 Qb7
21. Qf4 Rxd4 22. Rec2 Rad8 23. Kf1 Qa6+ 24. Ke1 Bf8 25. Qe3 Bb4+ 26. Rc3 Rd3 27. Qxe4 Rxc3
0-1

[Event "8 Player Open 1"]
[Site "SchemingMind.com"]
[Date "2014.06.07"]
[Round "-"]
[White "The Stonewall"]
[Black "JimM"]
[Result "1-0"]
[WhiteCountry "ENG"]
[BlackCountry "USA"]
[WhiteElo "2472"]
[WhiteRD "99"]
[BlackElo "1662"]
[BlackRD "88"]
[GameID "359495"]

1. d4 Nf6 2. c4 g6 3. Nc3 Bg7 4. e4 d6 5. f3 O-O 6. Be3 Nc6 7. Nge2 a6 8. Qd2 Re8 9. Nc1 e5 10. d5 Nd4
11. N1e2 c5 12. dxc6 Nxc6 13. Nd5 b5 14. Bb6 Qd7 15. cxb5 axb5 16. Nc7 Rb8 17. Nxe8 Nxe8 18. Be3 b4 19. Nc1 Nf6 20. Nb3 Qe6
21. Rc1 Bd7 22. Bc4 Qe8 23. Qxd6 Rd8 24. Bb5 Nd4 25. Bxd7 Rxd7 26. Qxb4 Qd8 27. Qc4 Nxe4 28. fxe4 Qh4+ 29. Kf1 Qf6+ 30. Kg1 Qd6
31. h4 h5 32. Rh3 Qe6 33. Qc8+ Kh7 34. Nc5 Ne2+ 35. Kh1 Rd1+ 36. Rxd1 Qxc8 37. Rd7 Kg8 38. b4 Nf4 39. Bxf4 exf4 40. Rhd3
1-0

[Event "8 Player Open 1"]
[Site "SchemingMind.com"]
[Date "2014.06.09"]
[Round "-"]
[White "JimM"]
[Black "The Stonewall"]
[Result "0-1"]
[WhiteCountry "USA"]
[BlackCountry "ENG"]
[WhiteElo "1628"]
[WhiteRD "88"]
[BlackElo "2468"]
[BlackRD "95"]
[GameID "359496"]

1. e4 Nc6 2. Nf3 d6 3. d4 Nf6 4. Nc3 g6 5. d5 Nb8 6. Bd3 Bg7 7. Bg5 O-O 8. Qd2 Bg4 9. Qe3 Nbd7 10. h3 Bxf3
11. Qxf3 Ne5 12. Qe3 Nxd3+ 13. Qxd3 c6 14. O-O Rc8 15. Qe3 cxd5 16. exd5 Qa5 17. Qxe7 Nxd5 18. Nxd5 Qxd5 19. Rad1 Qb5 20. Rb1 Rfe8
21. Qxd6 Qxg5 22. c3 Qb5
0-1

[Event "8 Player Open 1"]
[Site "SchemingMind.com"]
[Date "2014.06.07"]
[Round "-"]
[White "The Stonewall"]
[Black "Simon Green"]
[Result "1-0"]
[WhiteCountry "ENG"]
[BlackCountry "ENG"]
[WhiteElo "2474"]
[WhiteRD "93"]
[BlackElo "1583"]
[BlackRD "58"]
[GameID "359497"]

1. c4 e6 2. g3 d5 3. d4 Nf6 4. Nf3 Bb4+ 5. Bd2 Bxd2+ 6. Nbxd2 O-O 7. Bg2 c6 8. O-O Nbd7 9. Qc2 h6 10. e4 dxe4
11. Nxe4 Nxe4 12. Qxe4 Nf6 13. Qe2 Re8 14. Rad1 Qe7 15. Rfe1 Bd7 16. Qc2 Ng4 17. h3 Nf6 18. Ne5 Rac8 19. Qa4 a6 20. Qa5 Red8
21. a3 Rb8 22. b4 Bc8 23. Bxc6 b6 24. Qa4 Rd6 25. c5 b5 26. cxd6 Qxd6 27. Qc2 Bb7 28. Bxb7
1-0

[Event "8 Player Open 1"]
[Site "SchemingMind.com"]
[Date "2014.06.07"]
[Round "-"]
[White "Simon Green"]
[Black "The Stonewall"]
[Result "0-1"]
[WhiteCountry "ENG"]
[BlackCountry "ENG"]
[WhiteElo "1583"]
[WhiteRD "58"]
[BlackElo "2474"]
[BlackRD "93"]
[GameID "359498"]

1. d4 c5 2. c3 b6 3. e3 Bb7 4. f3 e6 5. f4 Be7 6. Nf3 f5 7. Bd3 Nf6 8. O-O O-O 9. Nbd2 Nc6 10. Ne5 d6
11. Nxc6 Bxc6 12. Nf3 Qd7 13. Qe1 Rfe8 14. Qg3 Ne4 15. Bxe4 fxe4 16. Nd2 cxd4 17. cxd4 Rac8 18. b3 Bb5 19. Rf2 d5 20. a4 Bd3
21. h3 Rc2 22. h4 Qc7 23. Ba3 Bxa3 24. Rxa3 Rxd2 25. Ra2 Rxa2 26. Rxa2 Qc1+ 27. Kh2 Qb1 28. Rf2 Qxb3 29. f5 exf5 30. Rxf5 Qb4
31. Rxd5 Qxa4 32. h5 Qc6 33. h6 Qxh6+ 34. Kg1 Rf8 35. Rd7 Rf1#
0-1

[Event "8 Player Open 1"]
[Site "SchemingMind.com"]
[Date "2014.06.11"]
[Round "-"]
[White "Marc Wakeham"]
[Black "Permykov Andrey"]
[Result "0-1"]
[WhiteCountry "WLS"]
[BlackCountry "RUS"]
[WhiteElo "1551"]
[WhiteRD "68"]
[BlackElo "1900"]
[BlackRD "141"]
[GameID "359504"]

1. e4 c5 2. c3 Nf6 3. e5 Nd5 4. d4 cxd4 5. Nf3 e6 6. Bc4 Nc6 7. Bxd5 exd5 8. O-O d6 9. exd6 Bxd6 10. Nxd4 O-O
11. Be3 Qh4 12. g3 Qh3 13. Qf3 Rd8 14. Qg2 Qh5 15. Nd2 Nxd4 16. Bxd4 Bh3 17. Qf3 Qxf3 18. Nxf3 Bxf1 19. Kxf1 b6 20. Ke2 Re8+
21. Kd3 f6 22. Rd1 Bc5 23. b4 Bxd4 24. Kxd4 Re2 25. Rd2 Rxd2+ 26. Nxd2 Re8 27. f4 Re2 28. Nf3 Rf2 29. Nh4 Rd2+ 30. Ke3 Rxh2
31. a4 g6 32. Kd4 Kf7 33. Kxd5 Rh3 34. Nf3 Rxg3
0-1

[Event "8 Player Open 1"]
[Site "SchemingMind.com"]
[Date "2014.06.11"]
[Round "-"]
[White "Permykov Andrey"]
[Black "Marc Wakeham"]
[Result "1-0"]
[WhiteCountry "RUS"]
[BlackCountry "WLS"]
[WhiteElo "1900"]
[WhiteRD "141"]
[BlackElo "1551"]
[BlackRD "68"]
[GameID "359505"]

1. e4 d6 2. d4 Nf6 3. f3 g6 4. c4 Bg7 5. Nc3 O-O 6. Bg5 c5 7. d5 Bd7 8. Qd2 a6 9. Bd3 b5 10. cxb5 axb5
11. Nxb5 Na6 12. Nc3 Nb4 13. Bc4 Qb8 14. Nge2 Re8 15. O-O Ra7 16. a3 Na6 17. b3 Nc7 18. Rfb1 Qa8 19. a4 Rb8 20. Bh6 Na6
21. Bxg7 Kxg7 22. Nf4 Nb4 23. Re1 h6 24. e5 dxe5 25. Rxe5 Ng8 26. d6 e6 27. Rxc5 Rc8 28. Rxc8 Qxc8 29. Qd4+ Kh7 30. Qxa7 Nf6
31. Qc7 e5 32. Nfd5 Nfxd5 33. Nxd5
1-0

[Event "8 Player Open 1"]
[Site "SchemingMind.com"]
[Date "2014.06.09"]
[Round "-"]
[White "alexyongpohweng"]
[Black "Permykov Andrey"]
[Result "0-1"]
[WhiteCountry "MAS"]
[BlackCountry "RUS"]
[WhiteElo "1240"]
[WhiteRD "45"]
[BlackElo "1955"]
[BlackRD "127"]
[GameID "359506"]

1. e4 c5 2. d4 cxd4 3. Qxd4 Nc6 4. Qd1 Nf6 5. Nc3 e6 6. Nf3 d6 7. Bb5 Bd7 8. O-O Be7 9. Bxc6 Bxc6 10. Bg5 Nxe4
11. Bxe7 Nxc3 12. Bxd8 Nxd1 13. Rfxd1 Rxd8 14. Nd4 Ke7 15. Nf3 Bxf3 16. gxf3 Rc8 17. c3 Rc4 18. Rd3 Rhc8 19. Re3 d5 20. Rd3 b5
21. Rc1 b4 22. Kg2 d4 23. Rdd1 dxc3 24. bxc3 Rxc3 25. Rxc3 Rxc3 26. Rb1 a5 27. Rb3 Rxb3 28. axb3 a4 29. bxa4 b3
0-1

[Event "8 Player Open 1"]
[Site "SchemingMind.com"]
[Date "2014.06.09"]
[Round "-"]
[White "Permykov Andrey"]
[Black "alexyongpohweng"]
[Result "1-0"]
[WhiteCountry "RUS"]
[BlackCountry "MAS"]
[WhiteElo "1955"]
[WhiteRD "127"]
[BlackElo "1240"]
[BlackRD "45"]
[GameID "359507"]

1. e4 e5 2. Nf3 d6 3. d4 exd4 4. Nxd4 Nf6 5. Nc3 Be7 6. Be2 O-O 7. Bf4 a6 8. Qd2 Nc6 9. O-O Nxd4 10. Qxd4 c5
11. Qe3 b5 12. Rad1 b4 13. e5 Ne8 14. exd6 Bxd6 15. Bxd6 Nxd6 16. Ne4 Nf5 17. Rxd8 Nxe3 18. Rxf8+ Kxf8 19. fxe3 Bb7 20. Nxc5 Bc8
21. Ra1 Be6 22. Nxa6 Rd8 23. Nxb4 f6 24. a4 Rd2 25. Bd3 Ke7 26. a5 g6 27. e4 f5 28. e5 Bd7 29. a6 Bc8 30. Nc6+ Kd7
31. a7 Bb7 32. e6+ Kxc6 33. e7 Kd7 34. Re1 Ke8 35. Bb5+
1-0

[Event "8 Player Open 1"]
[Site "SchemingMind.com"]
[Date "2014.06.07"]
[Round "-"]
[White "The Stonewall"]
[Black "Permykov Andrey"]
[Result "0-1"]
[WhiteCountry "ENG"]
[BlackCountry "RUS"]
[WhiteElo "2340"]
[WhiteRD "98"]
[BlackElo "2132"]
[BlackRD "122"]
[GameID "359508"]

1. d4 d5 2. c4 c6 3. e3 Nf6 4. Nf3 Bf5 5. cxd5 cxd5 6. Qb3 Qc7 7. Bd2 a6 8. Nc3 e6 9. Rc1 Nc6 10. Be2 Bd6
11. Nh4 Bg4 12. f3 Bh5 13. g4 Bg6 14. g5 Ng8 15. f4 Nge7 16. Nxg6 hxg6 17. Na4 Nf5 18. Nb6 Rb8 19. O-O Rh4 20. Rf2 Qd8
21. Na4 Ncxd4 22. exd4 Bxf4 23. Bxf4 Rxf4 24. Nc5 Rxf2 25. Kxf2 Qxg5 26. Rd1 b6 27. Qa4+ Ke7 28. Qd7+ Kf8 29. Qc7 Re8 30. Nd7+ Kg8
31. Rd3 Qh4+ 32. Kg1 Qe7 33. Qc6 Qg5+ 34. Kf1 Qf4+ 35. Ke1 Qxh2 36. Nf6+ gxf6 37. Qxe8+ Kg7 38. Qa4 Ng3 39. Bf3 g5 40. Qd1 f5
41. Qc1 g4 42. Qg5+ Kh7 43. Qf6 Qg1+ 44. Kd2 gxf3 45. Qxf7+ Kh6 46. Qxe6+ Kh5 47. Qxd5 Ne4+ 48. Kc2 Qg2+ 49. Kc1 Qg5+ 50. Kb1 f2
51. Rd1 Kh4 52. Rh1+ Kg4 53. a3 Qf4 54. Qg8+ Ng5 55. Rf1 Qe4+ 56. Ka2 Qe2 57. Rb1 f1=Q 58. Rxf1 Qxf1 59. Qc8 Qb5
0-1

[Event "8 Player Open 1"]
[Site "SchemingMind.com"]
[Date "2014.06.07"]
[Round "-"]
[White "Permykov Andrey"]
[Black "The Stonewall"]
[Result "1-0"]
[WhiteCountry "RUS"]
[BlackCountry "ENG"]
[WhiteElo "2132"]
[WhiteRD "122"]
[BlackElo "2340"]
[BlackRD "98"]
[GameID "359509"]

1. e4 c6 2. d4 d5 3. e5 Bf5 4. Nf3 e6 5. Be2 c5 6. Be3 cxd4 7. Nxd4 Ne7 8. Nd2 Nbc6 9. N2f3 Be4 10. O-O Ng6
11. Nxc6 bxc6 12. Ng5 Be7 13. Nxe4 dxe4 14. Qd4 Qxd4 15. Bxd4 O-O 16. Rfe1 Bb4 17. c3 Be7 18. b4 a5 19. b5 c5 20. Be3 Nxe5
21. Rab1 Rfd8 22. Bf4 Bd6 23. Red1 Nd3 24. Be3 Be5 25. Bxd3 Rxd3 26. c4 Rad8 27. Rxd3 exd3 28. f4 Bd6 29. Kf2 f6 30. Rb3 Be7
31. Bd2 e5 32. f5 e4 33. Ke3 Rd4 34. b6 Bd6 35. b7 Bb8 36. Rb5 Rxc4 37. Rxa5 Bxh2 38. Ra8+ Kf7 39. b8=Q Bxb8 40. Rxb8 g6
41. Rb7+ Ke8 42. g4 gxf5 43. gxf5 h5 44. Rh7 Kd8 45. Rxh5 Rc2 46. Rh1 Rxa2 47. Rc1 Kd7 48. Rxc5 Kd6 49. Rb5 Rc2 50. Ra5 Rc4
51. Kf4 Ke7 52. Ra6 Rc2 53. Ke3 Kf7 54. Re6 Rb2 55. Rxe4 Rb5 56. Rf4 Rd5 57. Bc3 Ke7 58. Bd4 d2 59. Kxd2
1-0

[Event "8 Player Open 1"]
[Site "SchemingMind.com"]
[Date "2014.06.07"]
[Round "-"]
[White "Phillip Beckett"]
[Black "Permykov Andrey"]
[Result "0-1"]
[WhiteCountry "ENG"]
[BlackCountry "RUS"]
[WhiteElo "1560"]
[WhiteRD "47"]
[BlackElo "1900"]
[BlackRD "141"]
[GameID "359510"]

1. d4 d5 2. e3 c5 3. c3 Nc6 4. Bd3 e5 5. dxe5 Nxe5 6. Be2 Nf6 7. Nf3 Nc6 8. Nbd2 Bf5 9. O-O Bd6 10. Re1 O-O
11. Nf1 Re8 12. Ng3 Bxg3 13. hxg3 Ne4 14. Nd2 Qf6 15. Nxe4 dxe4 16. Qb3 b6 17. Bd2 Rad8 18. Rad1 Ne5 19. Bc1 Bg4 20. Bxg4 Nxg4
21. Qc2 Rc8 22. Qe2 Qg6 23. f3 Ne5 24. f4 Ng4 25. Rf1 Qh5
0-1

[Event "8 Player Open 1"]
[Site "SchemingMind.com"]
[Date "2014.06.07"]
[Round "-"]
[White "Permykov Andrey"]
[Black "Phillip Beckett"]
[Result "1-0"]
[WhiteCountry "RUS"]
[BlackCountry "ENG"]
[WhiteElo "1900"]
[WhiteRD "141"]
[BlackElo "1560"]
[BlackRD "47"]
[GameID "359511"]

1. e4 e5 2. Nf3 Nc6 3. Bb5 a6 4. Ba4 Nf6 5. O-O Be7 6. Re1 b5 7. Bb3 O-O 8. h3 d5 9. exd5 Nxd5 10. Nxe5 Nxe5
11. Rxe5 c6 12. Re1 Bd6 13. Nc3 Qh4 14. Qf3 Nf4 15. d3 Bxh3 16. Bxf4 Bxg2 17. Kxg2 Bxf4 18. Rh1 Qg5+ 19. Kf1 Rae8 20. Ne4 Kh8
21. Nxg5 Bxg5 22. Qf5
1-0

[Event "8 Player Open 1"]
[Site "SchemingMind.com"]
[Date "2014.06.07"]
[Round "-"]
[White "kenneth m day"]
[Black "Permykov Andrey"]
[Result "0-1"]
[WhiteCountry "USA"]
[BlackCountry "RUS"]
[WhiteElo "1754"]
[WhiteRD "50"]
[BlackElo "1990"]
[BlackRD "121"]
[GameID "359512"]

1. e4 c5 2. Nc3 Nc6 3. f4 g6 4. Nf3 Bg7 5. Bc4 e6 6. f5 Nge7 7. d3 d5 8. Bb3 b5 9. a3 c4 10. dxc4 bxc4
11. Ba4 O-O 12. Bg5 f6 13. Be3 dxe4 14. Nxe4 Qa5+ 15. Nc3 Nxf5 16. Bd2 Ncd4 17. O-O Bb7 18. Be1 Nxf3+ 19. Rxf3 Rfd8 20. Qe2 Nd4
21. Qxc4 Bxf3 22. gxf3 Qh5 23. Bc6 Rac8
0-1

[Event "8 Player Open 1"]
[Site "SchemingMind.com"]
[Date "2014.06.08"]
[Round "-"]
[White "Permykov Andrey"]
[Black "kenneth m day"]
[Result "1-0"]
[WhiteCountry "RUS"]
[BlackCountry "USA"]
[WhiteElo "1990"]
[WhiteRD "121"]
[BlackElo "1754"]
[BlackRD "50"]
[GameID "359513"]

1. e4 e5 2. Nf3 Nc6 3. Bb5 d6 4. c4 Nf6 5. Nc3 Bd7 6. d3 Be7 7. O-O O-O 8. h3 a6 9. Ba4 Nd4 10. Bxd7 Qxd7
11. a4 c6 12. Nxd4 exd4 13. Ne2 c5 14. a5 b5 15. axb6 Rfb8 16. b4 Rxb6 17. bxc5 dxc5 18. e5 Ne8 19. Nf4 Qf5 20. Nd5 Re6
21. Re1 Bd8 22. g4 Qf3 23. Qxf3
1-0

[Event "8 Player Open 1"]
[Site "SchemingMind.com"]
[Date "2014.06.09"]
[Round "-"]
[White "JimM"]
[Black "Permykov Andrey"]
[Result "0-1"]
[WhiteCountry "USA"]
[BlackCountry "RUS"]
[WhiteElo "1628"]
[WhiteRD "88"]
[BlackElo "1955"]
[BlackRD "127"]
[GameID "359514"]

1. e4 c5 2. Nf3 d6 3. d4 cxd4 4. Nxd4 Nf6 5. Nc3 Nc6 6. Bg5 e6 7. Qd2 a6 8. O-O-O Qb6 9. Nb3 Be7 10. Be3 Qc7
11. Bf4 Ne5 12. h3 b5 13. Bg5 b4 14. f3 bxc3 15. bxc3 Bb7 16. Bxf6 gxf6 17. f4 Nd7 18. Qd4 O-O 19. Qe3 Nb6 20. g4 d5
21. Bd3 Ba3+ 22. Kb1 Na4 23. exd5 Nxc3+ 24. Ka1 Nxd1 25. Rxd1 Qc3+
0-1

[Event "8 Player Open 1"]
[Site "SchemingMind.com"]
[Date "2014.06.08"]
[Round "-"]
[White "Permykov Andrey"]
[Black "JimM"]
[Result "1-0"]
[WhiteCountry "RUS"]
[BlackCountry "USA"]
[WhiteElo "1955"]
[WhiteRD "127"]
[BlackElo "1628"]
[BlackRD "88"]
[GameID "359515"]

1. e4 c5 2. Nf3 e6 3. Nc3 Nc6 4. d4 d5 5. exd5 exd5 6. dxc5 Nf6 7. Bd3 Bxc5 8. h3 O-O 9. O-O Be6 10. a3 a6
11. Re1 Qb6 12. Qd2 Qc7 13. Qg5 Bd6 14. Qh4 Ne5 15. Nxe5 Bxe5 16. Re2 h6 17. Be3 Rfd8 18. Rae1 Bd6 19. Bxh6 Kf8 20. Qxf6 Be7
21. Bxg7+ Ke8 22. Rxe6
1-0

[Event "8 Player Open 1"]
[Site "SchemingMind.com"]
[Date "2014.06.07"]
[Round "-"]
[White "Simon Green"]
[Black "Permykov Andrey"]
[Result "0-1"]
[WhiteCountry "ENG"]
[BlackCountry "RUS"]
[WhiteElo "1583"]
[WhiteRD "58"]
[BlackElo "1900"]
[BlackRD "141"]
[GameID "359516"]

1. d4 d5 2. e3 Nf6 3. Bd3 c5 4. c3 Qc7 5. f4 g6 6. Nf3 Bf5 7. Bxf5 gxf5 8. Nbd2 e6 9. O-O Be7 10. Ne5 Nbd7
11. Ndf3 Ne4 12. Qe1 c4 13. Nd2 Ndf6 14. Ndf3 a6 15. h3 Rg8 16. Qh4 Rg7 17. Ng5 Nxg5 18. fxg5 Ne4 19. Qh5 Bxg5 20. Rf3 Nf6
0-1

[Event "8 Player Open 1"]
[Site "SchemingMind.com"]
[Date "2014.06.07"]
[Round "-"]
[White "Permykov Andrey"]
[Black "Simon Green"]
[Result "1-0"]
[WhiteCountry "RUS"]
[BlackCountry "ENG"]
[WhiteElo "1900"]
[WhiteRD "141"]
[BlackElo "1583"]
[BlackRD "58"]
[GameID "359517"]

1. e4 e6 2. Qe2 Nf6 3. Nf3 d5 4. d3 c5 5. e5 Nfd7 6. c4 d4 7. g3 Nc6 8. Bg2 Be7 9. h4 Qc7 10. Bf4 O-O
11. O-O a6 12. Nbd2 b5 13. Ne4 Ncxe5 14. Nxe5 Nxe5 15. Ng5 Bxg5 16. Bxe5 Qa7 17. Qf3 Bb7 18. Qxb7 Qxb7 19. Bxb7 Ra7 20. Bc6 Be7
21. cxb5 axb5 22. Bxb5 Rb7 23. a4 f6 24. Bf4 e5 25. Bc4+ Kh8 26. Bc1 Rfb8 27. a5 Bd8 28. f4 Bc7 29. a6 Ra7 30. fxe5 Bxe5
31. Bf4 Bxf4 32. Rxf4 Rxb2 33. Rff1 Rb8 34. Rab1 Rc8 35. Kf2 h6 36. Rb7 Rxb7 37. axb7 Rb8 38. Bd5 g5 39. Rc1
1-0